Нестационарные температурные режимы и тепловые потери активных элементов с произвольным числом циклов "нагрузка - пауза" (на примере электромагнита малогабаритного бетатрона): автореферат диссертации на соискание ученой степени кандидата технических наук; спец. 01.04.14

Մատենագիտական մանրամասներ
Հիմնական հեղինակ: Юхнов В. Е. Вячеслав Евгеньевич
Համատեղ հեղինակ: Томский политехнический университет (ТПУ)
Այլ հեղինակներ: Логинов В. С. Владимир Степанович (научный руководитель)
Ամփոփում:Защита сост. 25.03.2008 г.
Լեզու:ռուսերեն
Հրապարակվել է: Томск, [Б. и.], 2008
Խորագրեր:
Ձևաչափ: Գիրք
KOHA link:https://koha.lib.tpu.ru/cgi-bin/koha/opac-detail.pl?biblionumber=135791

MARC

LEADER 00000nam0a2200000 4500
001 135791
005 20231031140227.0
035 |a (RuTPU)RU\TPU\book\147169 
090 |a 135791 
100 |a 20080415d2008 k y0rusy50 ca 
101 0 |a rus 
102 |a RU 
105 |a a dm 001zy 
200 1 |a Нестационарные температурные режимы и тепловые потери активных элементов с произвольным числом циклов "нагрузка - пауза" (на примере электромагнита малогабаритного бетатрона)  |e автореферат диссертации на соискание ученой степени кандидата технических наук  |e спец. 01.04.14  |f В. Е. Юхнов  |g Томский политехнический университет (ТПУ) ; науч. рук. В. С. Логинов 
210 |a Томск  |c [Б. и.]  |d 2008 
215 |a 20 с.  |c ил. 
300 |a Защита сост. 25.03.2008 г. 
320 |a Библиогр.: с. 18-20 (17 назв.). 
452 1 |0 (RuTPU)RU\TPU\book\150752  |t Нестационарные температурные режимы и тепловые потери активных элементов с произвольным числом циклов "нагрузка - пауза" (на примере электромагнита малогабаритного бетатрона)  |o автореферат диссертации на соискание ученой степени кандидата технических наук  |f В. Е. Юхнов  |c Томск  |n Б.и.  |d 2008  |a Юхнов, Вячеслав Евгеньевич 
610 1 |a теоретическая теплотехника 
610 1 |a электротехнические устройства 
610 1 |a активные элементы 
610 1 |a тепловые потери 
610 1 |a нестационарные температурные режимы 
610 1 |a авторефераты диссертаций 
610 1 |a теплофизика 
610 1 |a теплотехника 
675 |a 621.1.016.4(04)  |v 3 
686 |a 01.04.14  |2 oksvnk 
700 1 |a Юхнов  |b В. Е.  |g Вячеслав Евгеньевич 
702 1 |a Логинов  |b В. С.  |g Владимир Степанович  |4 727 
712 0 2 |a Томский политехнический университет (ТПУ)  |c (1991- )  |2 stltpush  |3 (RuTPU)RU\TPU\col\376 
801 1 |a RU  |b 63413507  |c 20080415  |g PSBO 
801 2 |a RU  |b 63413507  |c 20080603  |g PSBO 
942 |c BK